000 01075cam a2200277 4500
001 gs 68000334
003 DLC
005 20260227111423.0
008 690605s1968 dcuab b 00010 eng c
010 _ags 68000334 //r892
040 _aU.S. Geological Survey Library
_dDLC
043 _an-us-nv
050 0 _aQE75
_b.C5 no. 606
051 _aTN24.N3
_bE58
_cCopy 2.
082 _a553/.4/0979332
100 1 0 _aElliott, James E.,
_d1934-
245 1 0 _aAnomalous concentrations of gold, silver, and other metals in the Mill Canyon area, Cortez quadrangle, Eureka and Lander Counties, Nevada,
_cby James E. Elliott and John D. Wells.
260 0 _aWashington,
_b[U.S. Dept. of the Interior, Geological Survey]
_c1968.
300 _aiii, 20 p.
_billus., maps.
_c26 cm.
490 1 _aGeological Survey circular 606
504 _aBibliography: p. 7-8.
650 0 _aOre deposits
_zNevada
_zMill Canyon region.
700 1 0 _aWells, John David,
_d1926-
_ejoint author.
740 1 _aMill Canyon area, Cortez quadrangle, Nevada.
830 0 _aGeological Survey circular ;
_v606.
999 _c30535
_d30535